CHP - could you be a power producer? (Record no. 77640)
[ view plain ]
| 000 -LEADER | |
|---|---|
| fixed length control field | 00869cab a2200181 4500 |
| 001 - CONTROL NUMBER | |
| control field | ##L134759 |
| 008 - FIXED-LENGTH DATA ELEMENTS--GENERAL INFORMATION | |
| fixed length control field | 060830n2006 000 0 eng u |
| 035 ## - SYSTEM CONTROL NUMBER | |
| System control number | (Sirsi) u134759 |
| 041 0# - LANGUAGE CODE | |
| Language code of text/sound track or separate title | eng |
| 100 1# - MAIN ENTRY--PERSONAL NAME | |
| Personal name | Lindegaard, Kevin |
| 245 00 - TITLE STATEMENT | |
| Title | CHP - could you be a power producer? |
| 260 ## - PUBLICATION, DISTRIBUTION, ETC. | |
| Date of publication, distribution, etc. | 2006 |
| 490 #0 - SERIES STATEMENT | |
| Series statement | Farmers' Weekly |
| Volume/sequential designation | 144(22) 2 June 2006, 28-29(2) |
| 520 ## - SUMMARY, ETC. | |
| Summary, etc. | Suggests that farmers who supply fuel crops should consider going further and becoming power generators themselves. Explains what combined heat and power (CHP) is and examines the feasibility of setting up micro-generating plants on farms. Looks at the planning, environmental and financial issues involved. Lists other sources of information. See also L134755 and L134757. |
| 651 #4 - SUBJECT ADDED ENTRY--GEOGRAPHIC NAME | |
| Geographic name | United Kingdom |
| Chronological subdivision | |
| 690 ## - LOCAL SUBJECT ADDED ENTRY--TOPICAL TERM (OCLC, RLIN) | |
| Topical term or geographic name as entry element | ENVIRONMENTAL AND LAND CONSULTANCY-ENERGY-RENEWABLE ENERGY |
| 942 ## - ADDED ENTRY ELEMENTS (KOHA) | |
| Suppress in OPAC | 0 |
| Withdrawn status | Lost status | Source of classification or shelving scheme | Damaged status | Not for loan | Home library | Current library | Shelving location | Date acquired | Total Checkouts | Full call number | Barcode | Date last seen | Copy number | Price effective from | Koha item type |
|---|---|---|---|---|---|---|---|---|---|---|---|---|---|---|---|
| Dewey Decimal Classification | London | London | Journal article | 30/08/2006 | L134759 | 134759-1001 | 06/08/2019 | 1 | 06/08/2019 | Journal article |